Les 10 meilleurs passeurs au 21eme siècle. - Statistiques

Statistiques générales
  • Ce quiz a été pris 641 fois
  • Le résultat moyen est 8 sur 10
Statistiques - réponses
Passes
Décisifs
Joueurs Nationalité % Correct
357 Lionel Messi Argentine
100%
248 Neymar Brésil
99%
236 Cristiano Ronaldo Portugal
98%
281 Kevin De Bruyne Belgique
97%
246 Luis Suarez Uruguay
94%
244 Thomas Muller Allemagne
93%
260 Angel Di Maria Argentine
90%
240 Mesut Ozil Allemagne
56%
234 Dusan Tadic Serbie
28%
230 Cesc Fabregas Espagne
25%
Aucun quiz correspondant
Distribution des résultats
% des personnes avec chaque résultat
Percentile par nombre de réponses
Votre historique - résultats
Vous n’avez pas pris ce quiz